000 00659nam a2200229 a 4500
008
020 _a0850122074 (pbk.)
049 _aMAIN
090 _aQA402
100 _aBarry Lee.
245 0 _aIntroducing systems analysis and design.
_nVolume 2 /
_cLee Barry.
260 _aOxford :
_bThe National Computing Centre,
_c1979
300 _a556p. :
_bill. ;
_c21cm.
440 _aThe National computing centre.
500 _aIncludes index.
650 _a Systems Analysis
907 _a.b10106807
_b23-09-05
_c19-01-04
003
005 20230123133603.0
040 _cNUST
942 _cBOOKS
_kQA402
999 _c151189
_d151189